| 000 | 00371nam a2200169Ia 4500 | ||
|---|---|---|---|
| 100 | _aSadasivam/Sudha G | ||
| 650 | _aInformation systems | ||
| 942 | _cBK | ||
| 366 | _f25 | ||
| 654 | _acomponent based technology | ||
| 245 | _aComponent based technology | ||
| 260 |
_bWiley India _c2008 |
||
| 082 |
_a5.3 _bSAD |
||
| 300 | _a455 | ||
| 546 | _aENGLISH | ||
| 999 |
_c26334 _d26334 |
||